[Event "Mittelfranken-chTB2b 1920"]
[Site "Mittelfranken"]
[Date "2020.03.08"]
[Round "7.5"]
[White "Gottlieb, Michael"]
[Black "Vogt, Peter"]
[Result "1/2-1/2"]
[WhiteElo "1665"]
[BlackElo "1829"]
[PlyCount "38"]
[EventDate "2019.10.13"]
[EventType "team-tourn"]
[EventRounds "9"]
[EventCountry "GER"]
[SourceTitle "EXT 2023"]
[Source "ChessBase"]
[SourceDate "2022.10.05"]
[SourceVersion "1"]
[SourceVersionDate "2022.10.05"]
[SourceQuality "1"]
[WhiteTeam "Postbauer Heng II"]
[BlackTeam "Schwanstetten"]
[WhiteTeamCountry "GER"]
[BlackTeamCountry "GER"]

1. e4 c5 2. Nf3 d6 3. d4 cxd4 4. Nxd4 Nf6 5. Nc3 a6 6. Bg5 e5 7. Nb3 Be6 8. Be2 Be7 9. 0-0 0-0 10. Nd2 Nbd7 11. Nc4 Qc7 12. Ne3 Rac8 13. Rc1 Qb6 14. Rb1 Rfd8 15. Qc1 h6 16. Bh4 g6 17. Bxf6 Bxf6 18. Ned5 Bxd5 19. exd5 Kg7 1/2-1/2

[Event "Mittelfranken-chTB2b 1920"]
[Site "Mittelfranken"]
[Date "2020.02.02"]
[Round "5.5"]
[White "Korn, Lukas Alexander"]
[Black "Gottlieb, Michael"]
[Result "1-0"]
[WhiteElo "1863"]
[BlackElo "1665"]
[PlyCount "99"]
[EventDate "2019.10.13"]
[EventType "team-tourn"]
[EventRounds "9"]
[EventCountry "GER"]
[SourceTitle "EXT 2023"]
[Source "ChessBase"]
[SourceDate "2022.10.05"]
[SourceVersion "1"]
[SourceVersionDate "2022.10.05"]
[SourceQuality "1"]
[WhiteTeam "Grossenseebach"]
[BlackTeam "Postbauer Heng II"]
[WhiteTeamCountry "GER"]
[BlackTeamCountry "GER"]

1. d4 Nf6 2. Nc3 d5 3. Bf4 c5 4. e3 Bf5 5. f3 e6 6. g4 Bg6 7. h4 h5 8. g5 Ng8 9. Nb5 Na6 10. c3 Qd7 11. a4 f6 12. Bd3 f5 13. Ne2 c4 14. Bc2 Kd8 15. Bg3 Ne7 16. Kf2 Nc8 17. Kg2 Nd6 18. Nxd6 Bxd6 19. Bxd6 Qxd6 20. Nf4 Be8 21. Qd2 g6 22. a5 Bf7 23. Rhd1 Re8 24. e4 Nc7 25. e5 Qe7 26. Ra2 Rb8 27. Rda1 Na6 28. Qd1 Rg8 29. Kf2 Ke8 30. Rb1 Kf8 31. b4 Nc7 32. Ba4 Kg7 33. b5 Ne8 34. b6 a6 35. Qc1 Kf8 36. Qb2 Ng7 37. Ke3 Ne8 38. Kd2 Ng7 39. Qb4 Ne8 40. Kc2 Rg7 41. Kb2 Rg8 42. Ka3 Rg7 43. Bd7 Rd8 44. Bxe6 Bg8 45. Bxg8 Kxg8 46. Qxe7 Rxe7 47. Nxg6 Rf7 48. Nf4 Rh7 49. Kb4 Rc8 50. Nxd5 1-0

[Event "Mittelfranken Mitte-ch"]
[Site "Nuremberg"]
[Date "2020.01.04"]
[Round "3.15"]
[White "Muenzenberg, Dietrich"]
[Black "Gottlieb, Michael"]
[Result "1-0"]
[WhiteElo "1697"]
[BlackElo "1714"]
[PlyCount "59"]
[EventDate "2020.01.03"]
[EventType "swiss"]
[EventRounds "7"]
[EventCountry "GER"]
[SourceTitle "EXT 2023"]
[Source "ChessBase"]
[SourceDate "2022.10.05"]
[SourceVersion "1"]
[SourceVersionDate "2022.10.05"]
[SourceQuality "1"]

1. d4 Nf6 2. Bg5 c5 3. d5 d6 4. c4 Nbd7 5. Nc3 g6 6. Nf3 Bg7 7. e4 0-0 8. Bd3 Ng4 9. h3 Nge5 10. Nxe5 Nxe5 11. 0-0 h6 12. Be3 e6 13. f4 Nxd3 14. Qxd3 e5 15. f5 g5 16. Rf2 Qf6 17. Raf1 Bd7 18. Ne2 a6 19. Ng3 b5 20. b3 Rab8 21. Nh5 Qd8 22. Nxg7 Kxg7 23. f6+ Kh7 24. Qe2 Rg8 25. Qh5 Rg6 26. h4 g4 27. Bxh6 Kg8 28. Bg7 Rxg7 29. fxg7 f6 30. Rxf6 1-0

[Event "Mittelfranken-chTB2b 1920"]
[Site "Mittelfranken"]
[Date "2019.12.01"]
[Round "3.5"]
[White "Werner, Thomas1"]
[Black "Gottlieb, Michael"]
[Result "1-0"]
[WhiteElo "1897"]
[BlackElo "1665"]
[PlyCount "57"]
[EventDate "2019.10.13"]
[EventType "team-tourn"]
[EventRounds "9"]
[EventCountry "GER"]
[SourceTitle "EXT 2023"]
[Source "ChessBase"]
[SourceDate "2022.10.05"]
[SourceVersion "1"]
[SourceVersionDate "2022.10.05"]
[SourceQuality "1"]
[WhiteTeam "Nuernberg Sued SW III"]
[BlackTeam "Postbauer Heng II"]
[WhiteTeamCountry "GER"]
[BlackTeamCountry "GER"]

1. d4 Nf6 2. c4 g6 3. Nc3 d5 4. cxd5 Nxd5 5. e4 Nxc3 6. bxc3 Bg7 7. Rb1 c5 8. Nf3 0-0 9. Be2 Nc6 10. d5 Bxc3+ 11. Bd2 Bxd2+ 12. Qxd2 Nd4 13. Nxd4 cxd4 14. Qxd4 Qa5+ 15. Qd2 Qxd2+ 16. Kxd2 Rd8 17. Rhd1 Kg7 18. Ke3 b6 19. Rbc1 f6 20. Rc7 Rd7 21. Rdc1 Rxc7 22. Rxc7 Kf8 23. f4 Ke8 24. d6 exd6 25. Rxh7 f5 26. exf5 gxf5 27. Bd3 Kf8 28. Bxf5 Kg8 29. Be4 1-0

[Event "Regionalliga Nord-Ost 1819"]
[Site "Bayern"]
[Date "2019.04.07"]
[Round "9.6"]
[White "Gottlieb, Michael"]
[Black "Simet, Martin"]
[Result "0-1"]
[WhiteElo "1731"]
[BlackElo "2226"]
[PlyCount "60"]
[EventDate "2018.10.21"]
[EventType "team-tourn"]
[EventRounds "9"]
[EventCountry "GER"]
[SourceTitle "EXT 2022"]
[Source "ChessBase"]
[SourceDate "2021.10.06"]
[SourceVersion "1"]
[SourceVersionDate "2021.10.06"]
[SourceQuality "1"]
[WhiteTeam "Postbauer Heng"]
[BlackTeam "Bad Koetzting"]
[WhiteTeamCountry "GER"]
[BlackTeamCountry "GER"]

1. e4 d6 2. d4 Nf6 3. Nc3 e5 4. dxe5 dxe5 5. Qxd8+ Kxd8 6. Bg5 Be6 7. 0-0-0+ Nbd7 8. Nge2 Kc8 9. f3 a6 10. a3 b5 11. Ng3 Bc5 12. Be2 h6 13. Bd2 c6 14. Nf1 a5 15. a4 b4 16. Nb1 b3 17. Ne3 Nb6 18. Nc3 Rd8 19. Bd3 g6 20. Rhe1 Rd4 21. Nf1 Nxa4 22. Be3 Nxc3 23. bxc3 Ba3+ 24. Kd2 Rd7 25. Ke2 b2 26. Nd2 Rb8 27. Bc4 Rxd2+ 28. Kxd2 Bxc4 29. Bxh6 Kc7 30. Bg5 Rd8+ 0-1

[Event "Mittelfranken-chTB1 1617"]
[Site "Mittelfranken"]
[Date "2016.12.11"]
[Round "4.8"]
[White "Gottlieb, Michael"]
[Black "Hetzner, Helmut"]
[Result "1-0"]
[WhiteElo "1805"]
[BlackElo "1894"]
[PlyCount "61"]
[EventDate "2016.10.23"]
[EventType "team-tourn"]
[EventRounds "9"]
[EventCountry "GER"]
[SourceTitle "EXT 2022"]
[Source "ChessBase"]
[SourceDate "2021.10.06"]
[SourceVersion "1"]
[SourceVersionDate "2021.10.06"]
[SourceQuality "1"]
[WhiteTeam "Postbauer Heng"]
[BlackTeam "Muehlhof/Schwabach"]
[WhiteTeamCountry "GER"]
[BlackTeamCountry "GER"]

1. e4 e6 2. Nf3 d5 3. Nc3 Nf6 4. e5 Ne4 5. Ne2 Be7 6. d3 Ng5 7. Nxg5 Bxg5 8. f4 Bh4+ 9. g3 Be7 10. d4 c5 11. c3 Nc6 12. Qc2 Bd7 13. Be3 cxd4 14. Nxd4 Nxd4 15. Bxd4 b5 16. Bd3 g6 17. h4 h5 18. Qf2 Qc7 19. 0-0 0-0 20. Kh2 Rfc8 21. Rg1 Kg7 22. g4 Rh8 23. f5 Bxh4 24. Qf3 hxg4 25. Rxg4 exf5 26. Bxf5 Bxf5 27. Qxf5 Bg5+ 28. Kg2 gxf5 29. Rxg5+ Kh6 30. Be3 f4 31. Bxf4 1-0

[Event "Mittelfranken-ch QT 60th"]
[Site "Buechenbach/Roth"]
[Date "2011.04.22"]
[Round "7"]
[White "Gottlieb, Michael"]
[Black "Drechsel, Simon"]
[Result "0-1"]
[WhiteElo "1225"]
[BlackElo "1282"]
[PlyCount "80"]
[EventDate "2011.04.20"]
[EventType "swiss"]
[EventRounds "7"]
[EventCountry "GER"]
[SourceTitle "CBM 142 Extra"]
[Source "ChessBase"]
[SourceDate "2011.06.27"]
[SourceVersion "1"]
[SourceVersionDate "2011.06.27"]
[SourceQuality "1"]

1. e4 Nf6 2. Nc3 d5 3. e5 d4 4. exf6 dxc3 5. fxg7 cxd2+ 6. Bxd2 Bxg7 7. c3 b6 8. Nf3 Bb7 9. Bc4 Nc6 10. Qe2 Qd6 11. Rd1 0-0-0 12. 0-0 Qg6 13. Ba6 Rhg8 14. Bxb7+ Kxb7 15. Nh4 Qc2 16. Qe3 Rd3 17. Qe2 Rgd8 18. Nf3 Bh6 19. Ne1 Rxd2 20. Nxc2 Rxe2 21. Rxd8 Nxd8 22. Nd4 Rxb2 23. Nf5 Bg5 24. f4 Bf6 25. Re1 e6 26. Nd4 Bxd4+ 27. cxd4 Nc6 28. Rd1 Rxa2 29. d5 exd5 30. Rxd5 Ne7 31. Rh5 Ng6 32. f5 Nf8 33. Rh6 Ra5 34. Rf6 Nd7 35. Rxf7 Kc6 36. f6 Rf5 37. Rxh7 Rxf6 38. h4 a5 39. h5 Ne5 40. Rh8 Ng4 0-1

[Event "Mittelfranken-ch NT 58th"]
[Site "Postbauer"]
[Date "2009.04.11"]
[Round "7"]
[White "Gottlieb, Michael"]
[Black "Hofmann, David"]
[Result "0-1"]
[WhiteElo "1102"]
[BlackElo "1095"]
[PlyCount "40"]
[EventDate "2009.04.08"]
[EventType "swiss"]
[EventRounds "7"]
[EventCountry "GER"]
[SourceTitle "EXT 2015"]
[Source "ChessBase"]
[SourceDate "2014.11.20"]
[SourceVersion "1"]
[SourceVersionDate "2014.11.20"]
[SourceQuality "1"]

1. e4 e5 2. Nf3 Bc5 3. Nc3 Nc6 4. Nxe5 Nxe5 5. d4 Bd6 6. dxe5 Bxe5 7. Bc4 Nf6 8. Qf3 0-0 9. Bd2 d6 10. h3 Be6 11. Bb3 c6 12. Bf4 Bxb3 13. axb3 Re8 14. Bxe5 Rxe5 15. 0-0 d5 16. exd5 Nxd5 17. Nxd5 Qxd5 18. Qxd5 Rxd5 19. Rad1 Rad8 20. Rfe1 Rxd1 0-1

[Event "Mittelfranken-ch NT 58th"]
[Site "Postbauer"]
[Date "2009.04.10"]
[Round "6"]
[White "Schmidt, Marco"]
[Black "Gottlieb, Michael"]
[Result "1-0"]
[WhiteElo "1160"]
[BlackElo "1102"]
[PlyCount "49"]
[EventDate "2009.04.08"]
[EventType "swiss"]
[EventRounds "7"]
[EventCountry "GER"]
[SourceTitle "EXT 2015"]
[Source "ChessBase"]
[SourceDate "2014.11.20"]
[SourceVersion "1"]
[SourceVersionDate "2014.11.20"]
[SourceQuality "1"]

1. e4 e5 2. Nf3 Nc6 3. Bb5 Nf6 4. 0-0 a6 5. Ba4 Nxe4 6. d4 d6 7. Bxc6+ bxc6 8. dxe5 d5 9. b3 Be7 10. Bb2 0-0 11. c4 Be6 12. Nd4 c5 13. Nc6 Qd7 14. Nxe7+ Qxe7 15. cxd5 Bc8 16. Re1 Ng5 17. f4 Rd8 18. fxg5 Qxg5 19. Ba3 Bb7 20. Nc3 Re8 21. Bxc5 Rxe5 22. Rxe5 Qxe5 23. Qe1 Qg5 24. Rd1 Rd8 25. Be7 1-0